Coldmirror Zitate - Statistiken

Allgemein
  • Dieses Quiz wurde 117 mal gespielt
  • Das Durchschnittsergebnis liegt bei 6 aus 10
Antwortstatistiken
Hint Antwort % Korrekt
soup soup ___ soup
84%
Ich mach das jetzt so. ___ , ___ Journalist. ich als
74%
uuuh, das kaufen wir ___ nicht
74%
my love, ___ always
70%
Hagrid? Ist das nicht dieser hässliche haarige Kerl? ___ Sie haben fett vergessen
66%
yo ich bin ___ Fresh Dumbledore
64%
der ist ___ und der bleibt auch ___ böse
57%
sweet! Ein ___ Bausparvertrag
51%
Boom! Gold, Gold und als Accessoire: ___ mehr Gold
39%
Pfeil im ___ Nacken
39%
Keine übereinstimmenden Quizze gefunden
Verteilung der Resultate
Anzahl Personen mit jedem Resultat
Perzentil nach korrekt beantworteten Fragen
Ihre Resultats-Entwicklung
Sie haben dieses Quiz noch nicht gespielt